Alquimia : Salud pública : mayo-agosto 2022, año 25 : núm. 73 /

Alquimia, órgano informativo del Sistema Nacional de Fototecas (SINAFO) del Instituto Nacional de Antropología e Historia (INAH), es una publicación cuatrimestral creada en 1997 con el fin de estudiar y difundir la historia de la fotografía mexicana, sus creadores y sus acervos. Su objeto de estudio...

詳細記述

保存先:
書誌詳細
その他の著者: Avila Cano, Arturo (edición e introducción) (edición e introducción)
フォーマット: 図書
言語:スペイン語
出版事項: México : INAH, Fototeca Nacional, 2022, c2022
主題:
タグ: タグ追加
タグなし, このレコードへの初めてのタグを付けませんか!

MARC

LEADER 00000nam^a2200000^a^4500
001 000579051
005 20250521000000.0
009 20260310132522.08
022 |a 1405-7786 
037 |a Acervo ITESO - Biblioteca 
041 |a ESP 
082 |a 770. 5  |b ALQ V. 73 
240 1 1 |a [Alquimia] 
245 0 0 |a Alquimia :  |b Salud pública : mayo-agosto 2022, año 25 : núm. 73 /  |c Ed. e introd. de A. Avila Cano. 
264 4 |a México :  |b INAH, Fototeca Nacional,  |c 2022, c2022 
300 |a 87 p. 
336 |a texto  |b txt  |2 rdacontenido 
337 |a sin mediación  |b n  |2 rdamedio 
338 |a volumen  |b nc  |2 rdasoporte 
520 |a Alquimia, órgano informativo del Sistema Nacional de Fototecas (SINAFO) del Instituto Nacional de Antropología e Historia (INAH), es una publicación cuatrimestral creada en 1997 con el fin de estudiar y difundir la historia de la fotografía mexicana, sus creadores y sus acervos. Su objeto de estudio, por ende, no está circunscrito al análisis de los archivos miembros del SINAFO. Los diferentes números de la revista han sido monográficos y varios de ellos han contado con la colaboración de editores invitados, como arquitectos y cineastas, especializados en un tema específico. La cobertura geográfico-histórica ha reflejado una preocupación por abandonar la perspectiva centralista tradicional, con ediciones dedicadas a diferentes regiones del país, y una atención especial a la primera mitad del siglo XX. Alquimia ha sido citada como una de las mejores revistas del mundo especializadas en la historia de la fotografía, según fuentes de referencia como la Historia general de la fotografía (2007) coordinada por Marie Loup Sougez Mülle. 
520 |a El número 73 de la revista está dedicado a los servicios de salud pública mexicana en la primera mitad del siglo XX. Entre los artículos que se incluyen, se encuentran: 1) las primeras representaciones gráficas que se tienen del Manicomio General La Castañeda; 2) la atención materna e infantil durante el Cardenismo; 3) la historia del Hospital Manuel Escandón y Arango, fundado en 907; y 4) representaciones gráficas de anormalidades genéticas o malformaciones del cuerpo a causa de enfermedades. 
521 |a FIL 2023 DIA 
649 |a XX 
650 |a Fotógrafos Mexicanos 
650 |a Profesionales de la Salud -  |z México -  |x Fotografías 
650 |a Hospitales Psiquiátricos ´-  |z México -  |x Fotografías 
650 |a Hospitales Psiquiátricos -  |z México -  |x Historia 
650 |a Hospitales -  |z México -  |x Fotografías 
650 |a Hospitales -  |z México -  |x Historia 
650 |a Fototecas -  |z México -  |x Colecciones 
650 |a Cuerpo Humano en la Fotografía -  |z México -  |x Historia y Crítica 
650 |a Servicios Médicos y de Salud -  |z México -  |x Fotografías 
650 |a Servicios Médicos y de Salud -  |z México -  |x Historia -  |y Siglo XX 
650 |a Salud Pública -  |z México -  |x Fotografías -  |x Tema Principal 
650 |a Salud Pública -  |z México -  |x Historia -  |y Siglo XX -  |x Tema Principal 
650 |a Fotoperiodismo -  |z México -  |x Historia y Crítica 
650 |a Fotografía en Blanco y Negro -  |z México -  |x Historia y Crítica 
650 |a Fotografía Mexicana -  |x Historia y Crítica -  |x Tema Principal 
650 |a Fotografía Mexicana -  |y Siglo XX 
650 |a Fotografía -  |x Publicaciones Periódicas Mexicanas -  |x Tema Principal 
650 |a Arte Mexicano -  |x Historia y Crítica 
650 |a Arte Mexicano -  |y Siglo XX 
650 |a Publicaciones Periódicas Mexicanas 
650 |a México -  |x Historia -  |y Régimen Cardenista, 1934-1940 
650 |a México -  |x Historia -  |y 1910-1946 
650 |a México -  |x Historia -  |y Siglo XX 
650 |a Casasola, Agustín Víctor 
700 |a Avila Cano, Arturo  |e (edición e introducción) 
910 |a Fondo General 
920 |a Impresos - Libros 
930 |a Colección General 
905 |a 101 
901 |a 0500403805  |b IT1  |c ACC  |i C184618  |u 20250521 
902 |a https://opac.biblio.iteso.mx/vufind/Record/000579051